Korean Vocab #1 - Statistics

General Stats
  • This quiz has been taken 31 times
  • The average score is 8 of 19
Answer Stats
Hint Answer % Correct
country 나라
83%
bag/backpack 가방
78%
cat 고양이
78%
school 학교
78%
dog
70%
coffee 커피
70%
puppy 강아지
52%
pen
52%
restaurant 식당
52%
hotel 호텔
52%
window 창문
43%
TV 텔레비전
39%
building 건물
30%
fridge 냉장고
26%
bank 은헹
13%
room 집지
9%
magazine
4%
rat/mouse
4%
phone 전회기
4%
No matching quizzes found
Score Distribution
Percent of People with Each Score
Percentile by Number Answered
Your Score History
You have not taken this quiz